[Event "DVM U20 2017"]
[Site "Düsseldorf GER"]
[Date "2017.12.28"]
[Round "4"]
[White "Lahouel, Kim-Luca"]
[Black "Lückerath, Moritz"]
[Result "0-1"]
[Termination "normal"]
[Board "7.3"]
[WhiteElo "1718"]
[BlackElo "1867"]
[WhiteTeam "Heilbronner SV"]
[BlackTeam "Düsseldorfer SK"]
[PlyCount "100"]
[WhiteFideId "12979503"]
[BlackFideId "12954810"]
[EventCountry "GER"]
[EventRounds "7"]
[EventType "team-swiss"]
[EventDate "2017.12.26"]

1. e4 c5 2. c3 d5 3. exd5 Qxd5 4. d4 Nf6 5. Nf3 e6 6. Be2 Nc6 7. O-O cxd4 8.
cxd4 Be7 9. Nc3 Qd6 10. Nb5 Qd8 11. Bf4 Nd5 12. Bg3 O-O 13. Rc1 a6 14. Nc3 b6
15. a3 Bb7 16. Bc4 Na5 17. Ba2 Rc8 18. Qd3 Nxc3 19. Rxc3 Rxc3 20. bxc3 Bxa3 21.
Bb1 g6 22. Bf4 Qd5 23. h4 Rc8 24. Re1 Qc4 25. Qxc4 Rxc4 26. Ne5 Rxc3 27. Nd7
Nc4 28. h5 Bc6 29. Nf6+ Kg7 30. Ng4 Nd6 31. Be5+ Kf8 32. d5 Rc4 33. Ne3 Bxd5
34. Nxc4 Nxc4 35. Bf6 b5 36. Bd3 Be7 37. Bd4 a5 38. Rb1 Bb4 39. Bf6 Ke8 40. h6
Kd7 41. Bc2 Kc6 42. Rd1 a4 43. Bg7 a3 44. Rc1 Kb6 45. Bd3 Bd6 46. Bd4+ Ka5 47.
g3 Be5 48. Bxe5 Nxe5 49. Bc2 a2 50. f4 Ng4 0-1

[Event "DVM U20 2017"]
[Site "Düsseldorf GER"]
[Date "2017.12.28"]
[Round "4"]
[White "Kaplun, David"]
[Black "Bühler, Severin"]
[Result "1/2-1/2"]
[Termination "normal"]
[Board "7.4"]
[WhiteElo "1958"]
[BlackElo "1846"]
[WhiteTeam "Düsseldorfer SK"]
[BlackTeam "Heilbronner SV"]
[PlyCount "96"]
[WhiteFideId "12901954"]
[BlackFideId "16203178"]
[EventCountry "GER"]
[EventRounds "7"]
[EventType "team-swiss"]
[EventDate "2017.12.26"]

1. d4 Nf6 2. Nf3 g6 3. b3 Bg7 4. Bb2 O-O 5. c4 d6 6. Nbd2 c5 7. g3 b6 8. Bg2
Bb7 9. O-O Qc7 10. dxc5 bxc5 11. Qc2 Nc6 12. Bc3 Nd7 13. Bxg7 Kxg7 14. Ne4 Kg8
15. Nc3 Nf6 16. Rad1 a6 17. Rd2 Rfd8 18. Rfd1 Rab8 19. e3 h6 20. Ne1 Nb4 21.
Qc1 {(=)} Bxg2 22. Nxg2 Qb7 23. Nd5 Nbxd5 24. cxd5 Rdc8 25. Qc4 Qb5 26. Rc2
Qxc4 27. Rxc4 Rb4 28. Rc3 Rcb8 29. Nf4 a5 30. f3 g5 31. Ne2 a4 32. Nc1 axb3 33.
axb3 Ra8 34. e4 Ra3 35. h3 Nd7 36. Rd2 Nb6 37. Ra2 Rxa2 38. Nxa2 Rd4 39. Nc1 f5
40. Rd3 Rxd3 41. Nxd3 fxe4 42. fxe4 c4 43. bxc4 Nxc4 44. Kf2 Kf7 45. Nb4 Kf6
46. Nc6 Nd2 47. Ke3 Nf1+ 48. Kf2 Nd2 {(=)} 1/2-1/2

[Event "DVM U20 2017"]
[Site "Düsseldorf GER"]
[Date "2017.12.28"]
[Round "4"]
[White "Ignatov, Dmitriy"]
[Black "Oezdemir, Edwin-Daniel"]
[Result "0-1"]
[Termination "normal"]
[Board "7.5"]
[WhiteElo "1759"]
[BlackElo "1790"]
[WhiteTeam "Heilbronner SV"]
[BlackTeam "Düsseldorfer SK"]
[PlyCount "78"]
[WhiteFideId "12927872"]
[BlackFideId "12919055"]
[EventCountry "GER"]
[EventRounds "7"]
[EventType "team-swiss"]
[EventDate "2017.12.26"]

1. e4 c5 2. Nc3 e6 3. g3 a6 4. Bg2 Qc7 5. d3 b5 6. Bf4 d6 7. Qd2 Bb7 8. Nge2
Nd7 9. O-O Ngf6 10. h3 Be7 11. Rac1 O-O 12. g4 Qb6 13. Kh1 b4 14. Nd1 d5 15. e5
Ne8 16. c3 a5 17. d4 f6 18. Bh2 fxe5 19. dxe5 Nc7 20. f4 Nb5 21. Bg1 Qc7 22.
Ne3 c4 23. Nc2 Nc5 24. cxb4 Nd3 25. Ncd4 Nxd4 26. Nxd4 Qd7 27. Rcd1 Bxb4 28.
Qe3 Nxb2 29. Rb1 c3 30. a3 Nc4 31. Qd3 Nxa3 32. Rbc1 Ba6 33. Qf3 Bxf1 34. Qxf1
Nc4 35. Qd3 Ra6 36. Nxe6 Rxe6 37. Bxd5 Rxf4 38. Bxe6+ Qxe6 39. Qd8+ Rf8 0-1

[Event "DVM U20 2017"]
[Site "Düsseldorf GER"]
[Date "2017.12.28"]
[Round "4"]
[White "Wiedenbruch, Paul"]
[Black "Schäfer, Daniel"]
[Result "1-0"]
[Termination "normal"]
[Board "7.6"]
[WhiteElo "1391"]
[BlackElo "1797"]
[WhiteTeam "Düsseldorfer SK"]
[BlackTeam "Heilbronner SV"]
[PlyCount "105"]
[WhiteFideId "16207343"]
[BlackFideId "16235088"]
[EventCountry "GER"]
[EventRounds "7"]
[EventType "team-swiss"]
[EventDate "2017.12.26"]

1. e4 e6 2. d4 d5 3. Nc3 dxe4 4. Nxe4 Nd7 5. Nf3 Ngf6 6. Nxf6+ Nxf6 7. Be2 c5
8. O-O cxd4 9. Nxd4 Be7 10. Be3 O-O 11. Nb5 a6 12. Qxd8 Bxd8 13. Nd6 Nd5 14.
Bc5 Be7 15. c4 Bxd6 16. Bxd6 Rd8 17. Bg3 Nb6 18. Bc7 Rd2 19. Bxb6 Rxe2 20. Rfd1
Kf8 21. Rd8+ Ke7 22. b3 a5 23. c5 Rb2 24. a4 Rxb3 25. Rad1 Ra3 26. h3 Rxa4 27.
Rh8 e5 28. Rdd8 Ra1+ 29. Kh2 a4 30. Rxc8 Rxc8 31. Rxc8 a3 32. Rc7+ Ke6 33. Rxb7
a2 34. Ra7 Kd5 35. Ra5 Kc6 36. Kg3 f5 37. Kf3 e4+ 38. Ke2 g5 39. Bd8 g4 40.
hxg4 fxg4 41. Bf6 Rc1 42. Rxa2 Kxc5 43. Ra4 Kd5 44. Ke3 Re1+ 45. Kf4 h5 46. g3
e3 47. fxe3 Rf1+ 48. Kg5 Ke6 49. Ra6+ Kd5 50. Ra5+ Ke4 51. Re5+ Kd3 52. Re6 Rf3
53. Kh4 1-0

[Event "DVM U20 2017"]
[Site "Düsseldorf GER"]
[Date "2017.12.28"]
[Round "4"]
[White "Oberhofer, Cédric"]
[Black "Siegert, Gregor"]
[Result "1/2-1/2"]
[Termination "normal"]
[Board "8.1"]
[WhiteElo "2120"]
[BlackElo "1750"]
[WhiteTeam "SC Bavaria Regensburg"]
[BlackTeam "Schachforum Darmstadt"]
[PlyCount "83"]
[WhiteFideId "12941220"]
[BlackFideId "1271250"]
[EventCountry "GER"]
[EventRounds "7"]
[EventType "team-swiss"]
[EventDate "2017.12.26"]

1. e4 c5 2. Nf3 e6 3. d4 cxd4 4. Nxd4 a6 5. Bd3 Qc7 6. O-O Nf6 7. c4 Nc6 8.
Nxc6 dxc6 9. Nc3 e5 10. Be3 Ng4 11. Bc1 h5 12. h3 Nf6 13. Qe2 Bc5 14. Be3 Bxe3
15. Qxe3 Be6 16. b4 Rd8 17. Rfd1 O-O 18. Rac1 Rd4 19. Ne2 Rd7 20. a3 a5 21. c5
Ra8 22. Bc2 axb4 23. axb4 Ra2 24. Rxd7 Qxd7 25. Rd1 Qc8 26. Qc3 Qa8 27. Nc1 Ra1
28. Qxe5 Qa3 29. Qb8+ Kh7 30. e5+ Ne4 31. Bxe4+ g6 32. Qd6 Rxc1 33. Qd2 Rxd1+
34. Qxd1 Qxb4 35. Qxh5+ Kg7 36. Qh4 Qxc5 37. Qf6+ Kh7 38. Bxg6+ fxg6 39. Qxe6
Qc1+ 40. Kh2 Qf4+ 41. Kg1 Qc1+ 42. Kh2 1/2-1/2

[Event "DVM U20 2017"]
[Site "Düsseldorf GER"]
[Date "2017.12.28"]
[Round "4"]
[White "Tampe, Alexander"]
[Black "Gabler, Eric"]
[Result "1/2-1/2"]
[Termination "normal"]
[Board "8.2"]
[WhiteElo "1695"]
[BlackElo "2078"]
[WhiteTeam "Schachforum Darmstadt"]
[BlackTeam "SC Bavaria Regensburg"]
[PlyCount "51"]
[WhiteFideId "12921572"]
[BlackFideId "12949841"]
[EventCountry "GER"]
[EventRounds "7"]
[EventType "team-swiss"]
[EventDate "2017.12.26"]

1. e4 c5 2. Nf3 Nc6 3. d4 cxd4 4. Nxd4 Nf6 5. Nc3 e5 6. Nxc6 bxc6 7. Bc4 Bb4 8.
O-O h6 9. Bd2 O-O 10. Re1 Ba5 11. a3 d6 12. b4 Bc7 13. Bb3 d5 14. exd5 cxd5 15.
Bc1 Be6 16. Bb2 Bb6 17. Na4 Bg4 18. Qd2 Ne4 19. Qxd5 Bxf2+ 20. Kh1 Bxe1 21.
Qxe4 Bxb4 22. axb4 Qg5 23. Qxe5 Bf5 24. h3 Rae8 25. Qd4 Re2 26. Qd5 1/2-1/2

[Event "DVM U20 2017"]
[Site "Düsseldorf GER"]
[Date "2017.12.28"]
[Round "4"]
[White "Tampe, Friederike"]
[Black "Brüll, Elias"]
[Result "0-1"]
[Termination "normal"]
[Board "8.4"]
[WhiteElo "1461"]
[BlackElo "1802"]
[WhiteTeam "Schachforum Darmstadt"]
[BlackTeam "SC Bavaria Regensburg"]
[PlyCount "56"]
[WhiteFideId "12973939"]
[BlackFideId "12964921"]
[EventCountry "GER"]
[EventRounds "7"]
[EventType "team-swiss"]
[EventDate "2017.12.26"]

1. e4 c5 2. Nc3 Nc6 3. g3 g6 4. Bg2 Bg7 5. d3 e6 6. f4 Nge7 7. Nf3 d5 8. O-O
O-O 9. h3 a6 10. Qe1 b5 11. g4 Bb7 12. Ne2 Nb4 13. Nfd4 dxe4 14. a3 Bxd4+ 15.
Nxd4 Qxd4+ 16. Be3 Nxc2 17. Bxd4 Nxe1 18. Bxc5 Nxg2 19. Bxe7 Rfe8 20. Bc5 e3
21. Bb4 Red8 22. f5 exf5 23. gxf5 g5 24. f6 Nh4 25. Kh2 Rxd3 26. Rac1 h5 27.
Rc7 Bd5 28. Re7 Nf3+ 0-1

[Event "DVM U20 2017"]
[Site "Düsseldorf GER"]
[Date "2017.12.28"]
[Round "4"]
[White "Sammet, Dominik"]
[Black "Münk, Johannes"]
[Result "1/2-1/2"]
[Termination "normal"]
[Board "8.5"]
[WhiteElo "1678"]
[BlackElo "1540"]
[WhiteTeam "SC Bavaria Regensburg"]
[BlackTeam "Schachforum Darmstadt"]
[PlyCount "81"]
[WhiteFideId "12987875"]
[BlackFideId "16241983"]
[EventCountry "GER"]
[EventRounds "7"]
[EventType "team-swiss"]
[EventDate "2017.12.26"]

1. e4 c5 2. Nf3 Nc6 3. d4 cxd4 4. Nxd4 e5 5. Nb5 d6 6. N1c3 a6 7. Na3 Nf6 8.
Bg5 b5 9. Bxf6 Qxf6 10. Nd5 Qd8 11. Bd3 Be7 12. O-O O-O 13. c4 b4 14. Nc2 a5
15. Nce3 Bg5 16. Rc1 Ne7 17. Qf3 Nxd5 18. cxd5 Bd7 19. Rc2 Ba4 20. b3 Bd7 21.
Nc4 Qb8 22. Qh5 Bh6 23. Re1 a4 24. Rce2 axb3 25. axb3 Rc8 26. Qh4 f6 27. f3 Rc7
28. Qf2 Bb5 29. Ra2 Rxa2 30. Qxa2 Bxc4 31. Bxc4 Ra7 32. Qf2 Ra3 33. g3 Qa7 34.
Qxa7 Rxa7 35. Re2 Bc1 36. Kf2 Ra1 37. Rc2 Rb1 38. Ra2 Ba3 39. Ke3 Re1+ 40. Re2
Bc1+ 41. Kf2 1/2-1/2

[Event "DVM U20 2017"]
[Site "Düsseldorf GER"]
[Date "2017.12.28"]
[Round "4"]
[White "Röth, Alexander"]
[Black "Oberhofer, Marie"]
[Result "1/2-1/2"]
[Termination "normal"]
[Board "8.6"]
[WhiteElo "1361"]
[BlackElo "1714"]
[WhiteTeam "Schachforum Darmstadt"]
[BlackTeam "SC Bavaria Regensburg"]
[PlyCount "41"]
[WhiteFideId "16255976"]
[BlackFideId "12938165"]
[EventCountry "GER"]
[EventRounds "7"]
[EventType "team-swiss"]
[EventDate "2017.12.26"]

1. d4 Nf6 2. Bf4 g6 3. Nc3 Bg7 4. e4 d6 5. Qd2 Nbd7 6. O-O-O O-O 7. Bh6 e5 8.
Bxg7 Kxg7 9. dxe5 dxe5 10. Be2 Qe7 11. g4 Nc5 12. f3 Be6 13. Nd5 Bxd5 14. exd5
Rad8 15. c4 b5 16. Qe3 bxc4 17. Bxc4 Na4 18. h4 Qb4 19. Bb3 Qc5+ 20. Qxc5 Nxc5
21. Bc4 {(=)} 1/2-1/2

[Event "DVM U20 2017"]
[Site "Düsseldorf GER"]
[Date "2017.12.29"]
[Round "5"]
[White "Ruff, Maximilian"]
[Black "Pluska, Alexander"]
[Result "1/2-1/2"]
[Termination "normal"]
[Board "1.1"]
[WhiteTitle "FM"]
[WhiteElo "2280"]
[BlackElo "2196"]
[WhiteClock "00:03:14"]
[BlackClock "00:02:49"]
[WhiteTeam "SF Sasbach"]
[BlackTeam "SK Doppelbauer Kiel"]
[PlyCount "120"]
[WhiteFideId "1271670"]
[BlackFideId "12975141"]
[EventCountry "GER"]
[EventRounds "7"]
[EventType "team-swiss"]
[EventDate "2017.12.26"]

1. d4 {[%clk 1:30:54]} Nf6 {[%clk 1:30:46]} 2. c4 {[%clk 1:31:16]} e6 {[%clk
1:31:09]} 3. Nc3 {[%clk 1:31:38]} Bb4 {[%clk 1:31:21]} 4. Qb3 {[%clk 1:29:00]}
Nc6 {[%clk 1:17:48]} 5. Nf3 {[%clk 1:28:08]} d6 {[%clk 1:16:35]} 6. Bg5 {[%clk
1:21:24]} h6 {[%clk 1:16:32]} 7. Bd2 {[%clk 1:21:39]} O-O {[%clk 1:06:38]} 8.
e3 {[%clk 1:20:29]} Ba5 {[%clk 0:50:11]} 9. Bd3 {[%clk 1:02:40]} e5 {[%clk
0:48:11]} 10. d5 {[%clk 1:02:23]} Nb4 {[%clk 0:47:34]} 11. Bb1 {[%clk 0:53:36]}
Na6 {[%clk 0:47:12]} 12. O-O {[%clk 0:49:39]} Nc5 {[%clk 0:45:47]} 13. Qc2
{[%clk 0:48:02]} b6 {[%clk 0:29:08]} 14. a3 {[%clk 0:44:34]} Bxc3 {[%clk
0:29:33]} 15. Bxc3 {[%clk 0:44:12]} Nce4 {[%clk 0:28:12]} 16. Nd2 {[%clk
0:40:06]} Nxc3 {[%clk 0:24:44]} 17. Qxc3 {[%clk 0:40:28]} a5 {[%clk 0:24:20]}
18. b3 {[%clk 0:28:16]} Re8 {[%clk 0:18:03]} 19. Bd3 {[%clk 0:27:28]} e4 {[%clk
0:14:53]} 20. Be2 {[%clk 0:26:57]} Qe7 {[%clk 0:11:27]} 21. b4 {[%clk 0:25:07]}
a4 {[%clk 0:11:05]} 22. Rfd1 {[%clk 0:20:06]} Nd7 {[%clk 0:04:59]} 23. Qd4
{[%clk 0:19:07]} f5 {[%clk 0:03:45]} 24. Rac1 {[%clk 0:15:43]} Qg5 {[%clk
0:02:21]} 25. Nb1 {[%clk 0:14:25]} Ne5 {[%clk 0:01:42]} 26. Nd2 {[%clk
0:13:19]} Ba6 {[%clk 0:01:37]} 27. Kh1 {[%clk 0:11:21]} Qh4 {[%clk 0:01:36]}
28. Kg1 {[%clk 0:05:22]} Qg5 {[%clk 0:01:59]} 29. Kh1 {[%clk 0:03:36]} Re7
{[%clk 0:02:03]} 30. Nf1 {[%clk 0:03:08]} h5 {[%clk 0:01:17]} 31. h3 {[%clk
0:02:22]} h4 {[%clk 0:01:31]} 32. Nd2 {[%clk 0:01:37]} Rf8 {[%clk 0:01:37]} 33.
Nb1 {[%clk 0:00:34]} f4 {[%clk 0:00:45]} 34. exf4 {[%clk 0:00:38]} Rxf4 {[%clk
0:00:36]} 35. Nc3 {[%clk 0:00:35]} Qf5 {[%clk 0:01:01]} 36. Rf1 {[%clk
0:00:44]} Nd3 {[%clk 0:00:52]} 37. Bg4 {[%clk 0:00:35]} Qf8 {[%clk 0:01:16]}
38. Be6+ {[%clk 0:00:44]} Kh8 {[%clk 0:01:12]} 39. Rc2 {[%clk 0:00:58]} Qf6
{[%clk 0:00:50]} 40. Qe3 {[%clk 0:00:41]} Qe5 {[%clk 0:00:31]} 41. Ne2 {[%clk
0:25:51]} Rf6 {[%clk 0:26:45]} 42. Nd4 {[%clk 0:21:12]} Re8 43. Bd7 {[%clk
0:15:05]} Ref8 {[%clk 0:24:03]} 44. Ne6 {[%clk 0:13:38]} R8f7 {[%clk 0:23:24]}
45. Be8 Re7 {[%clk 0:21:26]} 46. Bxa4 {[%clk 0:13:15]} Bc8 {[%clk 0:14:59]} 47.
f4 {[%clk 0:06:04]} Qf5 {[%clk 0:07:46]} 48. Nd4 {[%clk 0:05:18]} Qg6 {[%clk
0:05:31]} 49. Rd2 {[%clk 0:05:08]} Qf7 {[%clk 0:04:38]} 50. Ne2 {[%clk
0:04:31]} g5 {[%clk 0:03:56]} 51. f5 {[%clk 0:02:55]} Rxf5 {[%clk 0:03:40]} 52.
Rxf5 {[%clk 0:03:06]} Qxf5 {[%clk 0:04:06]} 53. Rxd3 {[%clk 0:00:36]} Qf1+
{[%clk 0:04:13]} 54. Kh2 {[%clk 0:01:04]} exd3 {[%clk 0:04:34]} 55. Qxe7 {[%clk
0:01:31]} dxe2 {[%clk 0:04:53]} 56. Qd8+ {[%clk 0:01:49]} Kg7 {[%clk 0:03:00]}
57. Qxg5+ {[%clk 0:01:59]} Kf7 {[%clk 0:02:44]} 58. Qh5+ {[%clk 0:02:21]} Kg7
{[%clk 0:02:24]} 59. Qg5+ {[%clk 0:02:46]} Kf7 {[%clk 0:02:49]} 60. Qh5+ {[%clk
0:03:14]} Kg7 1/2-1/2

[Event "DVM U20 2017"]
[Site "Düsseldorf GER"]
[Date "2017.12.29"]
[Round "5"]
[White "Beeck, Mats"]
[Black "Ehmann, Thilo"]
[Result "1/2-1/2"]
[Termination "normal"]
[Board "1.2"]
[BlackTitle "FM"]
[WhiteElo "2106"]
[BlackElo "2291"]
[WhiteClock "00:18:51"]
[BlackClock "00:46:40"]
[WhiteTeam "SK Doppelbauer Kiel"]
[BlackTeam "SF Sasbach"]
[PlyCount "78"]
[WhiteFideId "12936944"]
[BlackFideId "12940968"]
[EventCountry "GER"]
[EventRounds "7"]
[EventType "team-swiss"]
[EventDate "2017.12.26"]

1. d4 {[%clk 1:30:39]} Nf6 {[%clk 1:30:56]} 2. Nf3 {[%clk 1:31:03]} c5 {[%clk
1:31:23]} 3. c4 {[%clk 1:30:03]} e6 {[%clk 1:31:42]} 4. Nc3 {[%clk 1:28:38]} a6
{[%clk 1:23:32]} 5. e3 {[%clk 1:22:18]} d5 {[%clk 1:23:18]} 6. cxd5 {[%clk
1:15:47]} Nxd5 {[%clk 1:22:30]} 7. a3 {[%clk 1:13:44]} b5 {[%clk 1:22:12]} 8.
dxc5 {[%clk 1:06:10]} Nxc3 {[%clk 1:19:21]} 9. Qxd8+ {[%clk 1:05:57]} Kxd8
{[%clk 1:19:48]} 10. bxc3 {[%clk 1:06:18]} Bxc5 {[%clk 1:20:03]} 11. c4 {[%clk
1:03:15]} Bd7 {[%clk 1:14:30]} 12. Ng5 {[%clk 0:55:09]} Ke7 {[%clk 1:10:35]}
13. Ne4 {[%clk 0:55:16]} Rc8 {[%clk 1:08:52]} 14. Bb2 {[%clk 0:31:35]} Kf8
{[%clk 1:00:50]} 15. Nxc5 {[%clk 0:26:38]} Rxc5 {[%clk 1:01:00]} 16. Rc1 {[%clk
0:26:57]} bxc4 {[%clk 0:57:06]} 17. Rxc4 {[%clk 0:27:16]} Rxc4 {[%clk 0:55:56]}
18. Bxc4 {[%clk 0:27:43]} Bb5 {[%clk 0:56:13]} 19. Bxb5 {[%clk 0:24:54]} axb5
{[%clk 0:56:35]} 20. Ke2 {[%clk 0:24:04]} Nc6 {[%clk 0:56:18]} 21. Rc1 {[%clk
0:21:06]} Ra6 {[%clk 0:56:31]} 22. Rc5 {[%clk 0:20:35]} Rb6 {[%clk 0:56:38]}
23. Bc3 {[%clk 0:20:50]} f6 {[%clk 0:54:43]} 24. Bb4 {[%clk 0:20:53]} Ke8
{[%clk 0:54:29]} 25. f4 {[%clk 0:20:31]} g6 {[%clk 0:52:48]} 26. Kf3 {[%clk
0:20:04]} h5 {[%clk 0:51:57]} 27. g3 {[%clk 0:19:52]} Kd7 {[%clk 0:48:45]} 28.
Rc1 {[%clk 0:18:52]} Nxb4 {[%clk 0:45:17]} 29. axb4 {[%clk 0:19:15]} Rc6 {[%clk
0:44:56]} 30. Rxc6 {[%clk 0:18:04]} Kxc6 {[%clk 0:44:49]} 31. Ke4 {[%clk
0:16:45]} Kd6 {[%clk 0:44:51]} 32. Kd4 {[%clk 0:17:03]} e5+ {[%clk 0:44:41]}
33. fxe5+ {[%clk 0:16:52]} fxe5+ {[%clk 0:45:07]} 34. Kd3 {[%clk 0:17:03]} Kd5
{[%clk 0:45:29]} 35. e4+ {[%clk 0:17:27]} Ke6 {[%clk 0:45:52]} 36. h4 {[%clk
0:17:37]} Kf6 {[%clk 0:46:12]} 37. Ke3 {[%clk 0:18:01]} g5 {[%clk 0:46:19]} 38.
Kf3 {[%clk 0:18:24]} gxh4 {[%clk 0:46:40]} 39. gxh4 {[%clk 0:18:51]} Ke6
1/2-1/2

[Event "DVM U20 2017"]
[Site "Düsseldorf GER"]
[Date "2017.12.29"]
[Round "5"]
[White "Riehle, Marco"]
[Black "Wanner, Lukas"]
[Result "1/2-1/2"]
[Termination "normal"]
[Board "1.3"]
[WhiteTitle "FM"]
[WhiteElo "2280"]
[BlackElo "2024"]
[WhiteClock "00:55:42"]
[BlackClock "00:03:09"]
[WhiteTeam "SF Sasbach"]
[BlackTeam "SK Doppelbauer Kiel"]
[PlyCount "196"]
[WhiteFideId "12904392"]
[BlackFideId "12918148"]
[EventCountry "GER"]
[EventRounds "7"]
[EventType "team-swiss"]
[EventDate "2017.12.26"]

1. e4 {[%clk 1:30:40]} c5 {[%clk 1:30:55]} 2. Nf3 {[%clk 1:30:20]} g6 {[%clk
1:31:19]} 3. d4 {[%clk 1:30:37]} cxd4 {[%clk 1:31:44]} 4. Nxd4 {[%clk 1:31:03]}
Nc6 {[%clk 1:32:07]} 5. c4 {[%clk 1:30:20]} Nf6 {[%clk 1:32:30]} 6. Nc3 {[%clk
1:30:45]} Nxd4 {[%clk 1:32:54]} 7. Qxd4 {[%clk 1:31:09]} d6 {[%clk 1:33:17]} 8.
f3 {[%clk 1:31:24]} Bg7 {[%clk 1:33:30]} 9. Be3 {[%clk 1:31:50]} O-O {[%clk
1:33:53]} 10. Qd2 {[%clk 1:32:17]} Be6 {[%clk 1:33:55]} 11. Be2 {[%clk
1:30:53]} a5 {[%clk 1:34:05]} 12. O-O {[%clk 1:30:42]} a4 {[%clk 1:33:23]} 13.
b4 {[%clk 1:28:46]} axb3 {[%clk 1:32:28]} 14. axb3 {[%clk 1:29:02]} Nd7 {[%clk
1:30:51]} 15. Rxa8 {[%clk 1:16:51]} Qxa8 {[%clk 1:31:12]} 16. Na4 {[%clk
1:17:08]} Rb8 {[%clk 1:04:08]} 17. Qc2 {[%clk 1:11:14]} Qa5 {[%clk 0:59:27]}
18. f4 {[%clk 1:08:15]} Nc5 {[%clk 0:55:37]} 19. Nxc5 {[%clk 1:07:06]} dxc5
{[%clk 0:55:57]} 20. e5 {[%clk 1:03:08]} f6 {[%clk 0:44:35]} 21. exf6 {[%clk
1:02:13]} exf6 {[%clk 0:43:18]} 22. Qe4 {[%clk 1:00:52]} Bf7 {[%clk 0:41:32]}
23. f5 {[%clk 0:57:08]} Re8 {[%clk 0:40:53]} 24. Qf3 {[%clk 0:57:00]} Qa2
{[%clk 0:37:55]} 25. Bd1 {[%clk 0:54:30]} Qa3 {[%clk 0:29:11]} 26. Bd2 {[%clk
0:52:25]} Qa6 {[%clk 0:27:01]} 27. Bc3 {[%clk 0:50:57]} g5 {[%clk 0:22:34]} 28.
Bc2 {[%clk 0:50:39]} b5 {[%clk 0:22:21]} 29. Ra1 {[%clk 0:47:40]} Qb6 {[%clk
0:19:50]} 30. Bd3 {[%clk 0:46:14]} b4 {[%clk 0:19:46]} 31. Bb2 {[%clk 0:45:17]}
h5 {[%clk 0:19:04]} 32. Be4 {[%clk 0:40:56]} g4 {[%clk 0:16:49]} 33. Qd3 {[%clk
0:39:53]} Rd8 {[%clk 0:14:58]} 34. Qxd8+ {[%clk 0:38:21]} Qxd8 {[%clk 0:15:21]}
35. Ra8 {[%clk 0:38:49]} Qxa8 {[%clk 0:15:36]} 36. Bxa8 {[%clk 0:39:18]} Be8
{[%clk 0:13:46]} 37. Kf2 {[%clk 0:38:20]} Kf7 {[%clk 0:13:11]} 38. Bc1 {[%clk
0:38:35]} Bf8 {[%clk 0:06:32]} 39. Bd5+ {[%clk 0:35:06]} Kg7 {[%clk 0:06:34]}
40. Ke3 {[%clk 0:33:35]} Bd6 {[%clk 0:05:28]} 41. h3 {[%clk 0:31:41]} Be5
{[%clk 0:00:54]} 42. Ke4 {[%clk 0:29:46]} gxh3 {[%clk 0:25:46]} 43. gxh3 {[%clk
1:00:46]} Bd4 {[%clk 0:24:34]} 44. Bd2 {[%clk 0:59:02]} Bg1 {[%clk 0:24:43]}
45. Bf4 {[%clk 0:57:47]} Bf2 {[%clk 0:21:04]} 46. Bb7 {[%clk 0:56:10]} Bd7
{[%clk 0:20:27]} 47. Bd6 {[%clk 0:56:00]} Kf7 {[%clk 0:17:13]} 48. Kf4 {[%clk
0:55:37]} Kg7 {[%clk 0:16:44]} 49. Be4 {[%clk 0:52:21]} Bd4 {[%clk 0:15:48]}
50. Kf3 {[%clk 0:51:20]} Be8 {[%clk 0:06:41]} 51. Bg3 {[%clk 0:51:16]} Bd7
{[%clk 0:06:37]} 52. Be1 {[%clk 0:50:50]} Be8 {[%clk 0:05:49]} 53. Kg3 {[%clk
0:51:08]} Be3 {[%clk 0:05:32]} 54. Bb7 {[%clk 0:49:54]} Kf7 {[%clk 0:05:23]}
55. Kf3 {[%clk 0:50:14]} Bg1 {[%clk 0:05:34]} 56. Ke4 {[%clk 0:50:27]} Bd7
{[%clk 0:05:40]} 57. h4 {[%clk 0:48:51]} Ke7 {[%clk 0:05:22]} 58. Bg3 {[%clk
0:47:52]} Kf7 {[%clk 0:04:17]} 59. Bd5+ {[%clk 0:45:54]} Kf8 {[%clk 0:04:32]}
60. Ba8 {[%clk 0:45:39]} Kf7 {[%clk 0:04:37]} 61. Bb7 {[%clk 0:46:02]} Ke7
{[%clk 0:04:04]} 62. Kd5 {[%clk 0:46:26]} Bxf5 {[%clk 0:02:42]} 63. Bd6+ {[%clk
0:46:51]} Kf7 {[%clk 0:02:51]} 64. Bxc5 {[%clk 0:46:41]} Be4+ {[%clk 0:02:30]}
65. Kxe4 {[%clk 0:46:55]} Bxc5 {[%clk 0:02:57]} 66. Kd5 {[%clk 0:46:18]} Bf2
{[%clk 0:02:39]} 67. Kd6 {[%clk 0:46:12]} Ke8 {[%clk 0:02:31]} 68. Kc7 {[%clk
0:46:28]} Ke7 {[%clk 0:02:00]} 69. Bf3 {[%clk 0:46:19]} Bxh4 {[%clk 0:02:04]}
70. Bxh5 {[%clk 0:46:38]} Bg3+ {[%clk 0:02:15]} 71. Kb6 {[%clk 0:47:03]} Kd8
{[%clk 0:01:50]} 72. Bg4 {[%clk 0:47:24]} Bf4 {[%clk 0:01:34]} 73. Kb7 {[%clk
0:47:16]} Be3 {[%clk 0:01:50]} 74. Bf3 {[%clk 0:47:37]} f5 {[%clk 0:01:49]} 75.
Be2 {[%clk 0:47:58]} f4 {[%clk 0:02:10]} 76. Bf3 {[%clk 0:48:25]} Bd4 {[%clk
0:01:59]} 77. Kc6 {[%clk 0:48:43]} Be5 {[%clk 0:01:25]} 78. Kd5 {[%clk
0:49:01]} Bf6 {[%clk 0:00:52]} 79. Kd6 {[%clk 0:49:16]} Be7+ {[%clk 0:01:11]}
80. Kc6 {[%clk 0:49:39]} Bf6 {[%clk 0:01:15]} 81. c5 {[%clk 0:49:49]} Be5
{[%clk 0:01:02]} 82. Kd5 {[%clk 0:50:03]} Bf6 {[%clk 0:00:52]} 83. Kd6 {[%clk
0:50:23]} Be7+ {[%clk 0:00:51]} 84. Kc6 {[%clk 0:50:48]} Bf6 {[%clk 0:01:05]}
85. Kb6 {[%clk 0:51:03]} Be5 {[%clk 0:00:38]} 86. Kb5 {[%clk 0:51:25]} Bc3
{[%clk 0:01:00]} 87. Kc6 {[%clk 0:51:51]} Be5 {[%clk 0:01:19]} 88. Kd5 {[%clk
0:52:03]} Bg7 {[%clk 0:01:28]} 89. Kd6 {[%clk 0:52:10]} Bf8+ {[%clk 0:01:51]}
90. Kc6 {[%clk 0:52:38]} Bg7 {[%clk 0:02:13]} 91. Kb7 {[%clk 0:52:58]} Be5
{[%clk 0:02:24]} 92. Kc6 {[%clk 0:53:14]} Bg7 {[%clk 0:02:50]} 93. Kb7 {[%clk
0:53:35]} Be5 {[%clk 0:03:16]} 94. Kb6 {[%clk 0:54:03]} Bd4 {[%clk 0:03:10]}
95. Be4 {[%clk 0:54:25]} Be5 {[%clk 0:03:08]} 96. Kc6 {[%clk 0:54:51]} f3
{[%clk 0:02:32]} 97. Bxf3 {[%clk 0:55:17]} Bf4 {[%clk 0:02:56]} 98. Bh1 {[%clk
0:55:42]} Bg3 {[%clk 0:03:09]} 1/2-1/2